| 000 | 01562cam a2200373Ii 4500 | ||
|---|---|---|---|
| 001 | 48541440 | ||
| 003 | OCoLC | ||
| 005 | 20200829133738.0 | ||
| 008 | 011205s2001 mx a j 000 1 spa d | ||
| 020 | _a9702001757 | ||
| 020 | _a9789702001751 | ||
| 040 |
_aTAI _cTAI _dBKL _dPL# _dOCLCQ _dBAKER _dMVP |
||
| 041 | _aspa | ||
| 100 | 1 |
_aCasas Avila, Juan. _0http://id.loc.gov/authorities/names/no2002054441. |
|
| 245 | 1 | 0 |
_aDos casos de casas y algunas otras cosas / _cJuan Casas Avila ; ilustraciones, Leticia Serrano Jimenez. |
| 250 | _a1. ed. | ||
| 260 |
_aMonterrey, Nuevo Leon, Mexico : _bEdiciones Castillo, _c2001. |
||
| 264 | 1 |
_aMonterrey, Nuevo Leon, Mexico : _bEdiciones Castillo, _c2001. |
|
| 300 |
_a70 p. : _bcol. ill. ; _c19 cm. |
||
| 336 |
_atext _btxt _2rdacontent. |
||
| 337 |
_aunmediated _bn _2rdamedia. |
||
| 338 |
_avolume _bnc _2rdacarrier. |
||
| 490 | 1 | _aCastillo de la lectura. | |
| 500 | _a"Serie verde"--P. [4] of cover. | ||
| 520 | _aDiscover daily life from the points-of-view of the house in a small village. | ||
| 521 | 8 | _a7 a©łos en adelante. | |
| 650 | 1 |
_aDwellings _vFiction. _0http://id.loc.gov/authorities/subjects/sh2008102341. |
|
| 650 | 7 |
_aViviendas _vNovela. _2bidex. |
|
| 655 | 7 |
_aSpanish language materials. _2lcgft. |
|
| 655 | 7 |
_aFiction. _2lcgft _0http://id.loc.gov/authorities/genreForms/gf2014026339. |
|
| 700 | 1 |
_aSerrano Jimenez, Leticia, _0http://id.loc.gov/authorities/names/no2002054442 _eillustrator. |
|
| 830 | 0 |
_aCastillo de la lectura. _0http://id.loc.gov/authorities/names/nr2002028897. |
|
| 942 | _cBK | ||
| 999 |
_c24765 _d24765 |
||